[Event "AUTO-OPEN-159"]
[Site "http://www.queenalice.com/game.php?id=65396"]
[Date "2006.4.24"]
[Round "3"]
[White "Pegasus"]
[Black "ulises"]
[Result "0-1"]
[WhiteElo "1715"]
[BlackElo "1857"]

1. d4 d5 2. c4 e6 3. Nc3 Nf6 4. Qc2 Nc6 5. Nf3 dxc4 6. e3 Bd6 7. Bxc4 O-O 8. e4
e5 9. dxe5 Nxe5 10. Nxe5 Bxe5 11. Bg5 h6 12. Rd1 Qe8 13. Bxf6 Bxf6 14. O-O c6
15. Rfe1 Qe5 0-1

[Event "Challenge"]
[Site "http://www.queenalice.com/game.php?id=66823"]
[Date "2006.5.4"]
[Round "-"]
[White "ulises"]
[Black "kqrpnb"]
[Result "1-0"]
[WhiteElo "1838"]
[BlackElo "1268"]

1. e4 c5 2. Nf3 d6 3. d4 cxd4 4. Nxd4 Nf6 5. Nc3 a6 6. Bc4 e6 7. O-O Nc6 8. Be3
g6 9. Qd2 Bg7 10. Rad1 Nxe4 11. Nxe4 d5 12. Nxc6 bxc6 13. Be2 Bxb2 14. c3 dxe4
15. Qxd8# 1-0

[Event "Challenge"]
[Site "http://www.queenalice.com/game.php?id=66824"]
[Date "2006.5.4"]
[Round "-"]
[White "ulises"]
[Black "peaodeborracha"]
[Result "0-1"]
[WhiteElo "1877"]
[BlackElo "1937"]

1. e4 c5 2. Nf3 d6 3. d4 cxd4 4. Nxd4 Nf6 5. Nc3 a6 6. Bc4 e6 7. O-O Nc6 8. Be3
Bd7 9. Qd2 Be7 10. Rad1 b5 11. Bd3 O-O 12. a3 Qc7 13. Be2 Ne5 14. h3 Bc8 15. Bf4
Bb7 16. Qe3 Rfc8 17. Bf3 Nc4 18. Qc1 e5 19. Bxe5 dxe5 20. Nf5 Bf8 21. Rd3 Nd6
22. Nxd6 Bxd6 23. Rfd1 Bc5 24. Qg5 Bd4 25. Bg4 Bxe4 26. Rg3 h6 27. Qh4 Qb6 28.
Rxd4 exd4 29. Bxc8 Bxc2 30. Be6 Qxe6 31. Qxd4 Qc6 32. Nd5 Qxd5 33. Qxf6 Bg6 34.
Qc3 Qd1+ 35. Kh2 Rd8 36. h4 Rd4 37. Rh3 Bf5 0-1

[Event "05 MATCH CUB ARG 01"]
[Site "http://www.queenalice.com/game.php?id=70111"]
[Date "2006.5.20"]
[Round "-"]
[White "ulises"]
[Black "Francisco"]
[Result "0-1"]
[WhiteElo "1838"]
[BlackElo "2110"]

1. e4 c6 2. d4 d5 3. e5 Bf5 4. Nf3 e6 5. Bd3 Bg6 6. O-O Nd7 7. Nc3 Ne7 8. Bg5
Qb6 9. Rb1 Nf5 10. Ne2 c5 11. c3 h6 12. Be3 Nxe3 13. fxe3 Bxd3 14. Qxd3 Be7 15.
b3 O-O 16. e4 cxd4 17. cxd4 dxe4 18. Qxe4 Rac8 19. Rbc1 Ba3 20. Rc2 Rc7 21. Rc4
Rfc8 22. Nd2 Bb4 23. Rxc7 Rxc7 24. Nc4 Qc6 25. Qh4 Nb6 26. Rc1 Be7 27. Qf2 Nxc4
28. Rxc4 Qd7 29. Qf3 Rc6 30. Rxc6 Qxc6 31. Qxc6 bxc6 32. Kf2 f6 33. exf6 gxf6
34. Nf4 Kf7 35. g3 f5 36. Ke3 c5 37. d5 e5 38. Nd3 Bd6 39. a4 e4 0-1

[Event "Challenge"]
[Site "http://www.queenalice.com/game.php?id=75381"]
[Date "2006.6.9"]
[Round "-"]
[White "ulises"]
[Black "cliftonm"]
[Result "1-0"]
[WhiteElo "1883"]
[BlackElo "1839"]

1. e4 e5 2. Nf3 Nc6 3. Bc4 h6 4. O-O Nf6 5. Nc3 Bc5 6. d3 Ng4 7. h3 Nxf2 8. Rxf2
Bxf2+ 9. Kxf2 d6 10. Be3 O-O 11. Qd2 Be6 12. Bb3 a6 13. Rf1 Qe7 14. Nd5 Bxd5 15.
Bxd5 Nd8 16. Ke1 c6 17. Bb3 Ne6 18. Kf2 Kh7 19. Kg1 f5 20. exf5 Rxf5 21. c3 Raf8
22. Bc2 Kh8 23. d4 R5f7 24. Qd3 g5 25. dxe5 dxe5 26. Qe4 Nf4 27. Re1 Nxh3+ 28.
Kh2 Nf4 29. Nxe5 Re8 30. Bxf4 1-0

[Event "Challenge"]
[Site "http://www.queenalice.com/game.php?id=75382"]
[Date "2006.6.9"]
[Round "-"]
[White "ulises"]
[Black "Sassi"]
[Result "0-1"]
[WhiteElo "1890"]
[BlackElo "1697"]

1. e4 e5 2. Nf3 d6 3. h3 Nf6 4. Nc3 Nc6 5. Bc4 Be6 6. Bb5 a6 7. Ba4 d5 8. exd5
Bxd5 9. O-O Bd6 10. d3 b5 11. Nxd5 bxa4 12. Bg5 Be7 13. Nc3 a3 0-1

[Event "Challenge"]
[Site "http://www.queenalice.com/game.php?id=75383"]
[Date "2006.6.9"]
[Round "-"]
[White "ulises"]
[Black "alberto"]
[Result "1-0"]
[WhiteElo "1897"]
[BlackElo "1131"]

1. e4 Nf6 2. Nc3 e5 3. Nf3 Bb4 4. Nxe5 O-O 5. Bc4 d6 6. Nf3 Bxc3 7. dxc3 Nxe4 8.
O-O Nc6 9. h3 Be6 10. Bd3 d5 11. Re1 Nf6 12. Bg5 h6 13. Bh4 Kh8 14. Ne5 g5 15.
Nxc6 bxc6 16. Bg3 Nd7 17. Bxc7 Qxc7 18. Qh5 Kg7 19. Rxe6 1-0

[Event "QA-ANNIV-02"]
[Site "http://www.queenalice.com/game.php?id=76864"]
[Date "2006.6.15"]
[Round "1"]
[White "ulises"]
[Black "tpstar"]
[Result "0-1"]
[WhiteElo "1899"]
[BlackElo "2070"]

1. e4 e5 2. Nf3 Nc6 3. Bc4 Nf6 4. Ng5 d5 5. exd5 Na5 6. Bb5+ c6 7. dxc6 bxc6 8.
Ba4 h6 9. Nf3 e4 10. Qe2 Bd6 11. Nd4 Qb6 12. Qe3 O-O 13. Nxc6 Bc5 14. d4 exd3
15. Ne7+ Bxe7 16. Qxe7 dxc2 17. Nc3 Ba6 18. Be3 Qxb2 0-1

[Event "Challenge"]
[Site "http://www.queenalice.com/game.php?id=98226"]
[Date "2006.8.22"]
[Round "-"]
[White "ulises"]
[Black "grandeuberlandia"]
[Result "0-1"]
[WhiteElo "1852"]
[BlackElo "2168"]

1. e4 d5 2. exd5 Nf6 3. Nc3 Nxd5 4. Nf3 Bg4 5. Be2 c6 6. d4 e6 7. h3 Bf5 8. O-O
h6 9. Bd2 Nb6 10. Be3 Be7 11. Bd3 Bxd3 12. Qxd3 O-O 13. Bf4 N8d7 14. a4 Nf6 15.
a5 Nbd5 16. Be5 Re8 17. Rfe1 a6 18. Ne4 Bb4 19. Re2 Nxe4 20. Rxe4 f6 21. Bh2 f5
22. Re5 Bd6 23. Ree1 Bb4 24. Re2 Bxa5 25. c4 Nf6 26. Qb3 Ra7 27. Be5 Bc7 28.
Bxf6 Qxf6 29. c5 a5 30. Rae1 a4 31. Qc4 Kf7 32. Ne5+ Bxe5 33. Rxe5 g5 34. Qb4
Re7 35. R1e3 Qg6 36. Qc4 f4 37. R3e4 a3 38. bxa3 Rxa3 39. Qc1 Ra8 40. Qd1 Ra2
41. Qf3 Ra1+ 42. Kh2 Ra8 43. g3 Rg8 44. gxf4 gxf4 45. Rxf4+ Ke8 46. Rg4 Qf7 47.
Qxf7+ Kxf7 48. Rxg8 Kxg8 49. Kg3 Rg7+ 50. Kf4 Kf7 51. Rh5 Kg6 52. Rh4 Rf7+ 53.
Ke3 Rf5 0-1

[Event "Challenge"]
[Site "http://www.queenalice.com/game.php?id=99289"]
[Date "2006.8.25"]
[Round "-"]
[White "ulises"]
[Black "BergkampBra"]
[Result "0-1"]
[WhiteElo "1849"]
[BlackElo "2113"]

1. e4 c5 2. Nf3 Nc6 3. d4 cxd4 4. Nxd4 Nf6 5. Nc3 d6 6. Be2 e6 7. Bg5 Be7 8. O-O
O-O 9. Re1 Nxe4 10. Bxe7 Nxc3 11. Bxd8 Nxd1 12. Nxc6 bxc6 13. Be7 Nxb2 14. Bxf8
Kxf8 15. a4 d5 16. Ra2 Nc4 17. Bxc4 dxc4 18. Rb2 Ba6 19. Reb1 Rd8 20. Rb8 Ke7
21. Rxd8 Kxd8 22. c3 Kc7 23. a5 e5 24. Kf1 Bc8 25. Ke2 g5 26. Ke3 Be6 27. g4 f6
28. f3 Bd7 29. Ke4 Be6 30. Rb4 h6 31. Rb2 Bd7 32. h4 c5 33. Rh2 Kd6 34. Rd2+ Kc6
35. Rd1 Kc7 0-1

[Event "QA-ANNIV-02"]
[Site "http://www.queenalice.com/game.php?id=106419"]
[Date "2006.9.15"]
[Round "3"]
[White "ulises"]
[Black "stamm"]
[Result "0-1"]
[WhiteElo "1895"]
[BlackElo "1723"]

1. e4 e5 2. Nf3 d6 3. h3 Nf6 4. Nc3 Be7 5. Bc4 h6 6. O-O O-O 7. d3 a6 8. d4 exd4
9. Nxd4 c5 10. Nf3 b5 11. Bd5 Ra7 12. a3 Bb7 13. Bxb7 Rxb7 14. Re1 Nc6 15. Bf4
a5 16. e5 dxe5 0-1

[Event "Fischer Team vs Capablanca Team"]
[Site "http://www.queenalice.com/game.php?id=111027"]
[Date "2006.9.28"]
[Round "-"]
[White "Spike"]
[Black "ulises"]
[Result "1-0"]
[WhiteElo "2055"]
[BlackElo "1913"]

1. e4 c5 2. Nf3 d5 3. exd5 Qxd5 4. Nc3 Qd8 5. d4 e6 6. Bf4 Nc6 7. Nb5 e5 8. Nxe5
Qa5+ 9. c3 Be7 10. Nxc6 bxc6 11. Nc7+ 1-0

[Event "AUTO-MASTER-214"]
[Site "http://www.queenalice.com/game.php?id=111928"]
[Date "2006.10.1"]
[Round "1"]
[White "ulises"]
[Black "smurilo"]
[Result "0-1"]
[WhiteElo "1872"]
[BlackElo "2187"]

1. e4 d6 2. h3 Nf6 3. Nc3 g6 4. Nf3 Bg7 5. d4 O-O 6. Bd3 c6 7. O-O Qc7 8. Re1
Nbd7 9. Bf4 e5 10. dxe5 dxe5 11. Bg3 Nh5 12. Bh2 Rd8 13. Bc4 b5 14. Bb3 Nc5 15.
Qe2 a5 16. a4 b4 17. Na2 Nf4 18. Bxf4 exf4 19. Bc4 Bxb2 20. Rab1 Bg7 21. Bb3 Ba6
22. Bc4 Bxc4 23. Qxc4 Nxa4 24. Ng5 Qe7 25. Nf3 Qe6 26. Qxe6 fxe6 27. Rbd1 Nc3
28. Nxc3 Bxc3 29. Rf1 a4 30. Ng5 e5 0-1

[Event "AUTO-MASTER-214"]
[Site "http://www.queenalice.com/game.php?id=111943"]
[Date "2006.10.1"]
[Round "1"]
[White "G0LES"]
[Black "ulises"]
[Result "1-0"]
[WhiteElo "2165"]
[BlackElo "1841"]

1. c4 e5 2. Nc3 Nf6 3. Nf3 Nc6 4. g3 Bc5 5. Bg2 d6 6. O-O O-O 7. d3 h6 8. a3 Be6
9. b4 Bb6 10. Bb2 Re8 11. Nd2 Bd4 12. e3 Bxc3 13. Bxc3 d5 14. b5 Nb8 15. Bxe5
Nbd7 16. Bd4 c5 17. bxc6 bxc6 18. Qc2 Nb6 19. Rab1 Rb8 20. Be5 Rc8 21. c5 1-0

[Event "AUTO-MASTER-214"]
[Site "http://www.queenalice.com/game.php?id=111944"]
[Date "2006.10.1"]
[Round "1"]
[White "ulises"]
[Black "G0LES"]
[Result "0-1"]
[WhiteElo "1844"]
[BlackElo "2163"]

1. e4 e6 2. Nf3 d5 3. exd5 exd5 4. d4 Bd6 5. h3 Ne7 6. Bd3 Nbc6 7. O-O Be6 8.
Nc3 Qd7 9. Re1 h6 10. Ne5 Bxe5 11. dxe5 O-O-O 12. Bf4 d4 13. Ne4 Qd5 14. Nd2 Ng6
15. Bxg6 fxg6 16. Nf3 Rhf8 17. Bg3 Bxh3 18. c4 dxc3 19. bxc3 Be6 0-1

[Event "AUTO-MASTER-214"]
[Site "http://www.queenalice.com/game.php?id=111955"]
[Date "2006.10.1"]
[Round "1"]
[White "ulises"]
[Black "amed66"]
[Result "0-1"]
[WhiteElo "1860"]
[BlackElo "2059"]

1. e4 e5 2. Nf3 Nc6 3. Bc4 Nf6 4. Ng5 d5 5. exd5 Na5 6. Bb5+ c6 7. dxc6 bxc6 8.
Be2 h6 9. Nf3 e4 10. Ng1 Bc5 11. Nh3 Bxh3 12. gxh3 Nd5 13. d4 exd3 14. Bxd3 O-O
15. O-O Qf6 16. Qg4 Nb4 17. Nc3 Nxd3 18. cxd3 Qg6 19. Qxg6 fxg6 20. Be3 Bd6 21.
Ne4 Be5 22. Rab1 Rad8 23. Rfc1 Rf3 24. b4 Nb7 25. b5 c5 26. b6 axb6 27. Rxb6 Rd7
28. Rcb1 Nd8 29. Kg2 Rff7 30. Nxc5 Ra7 31. d4 Bc7 32. Ra6 Rxa6 33. Nxa6 Ba5 34.
Rb5 Rf5 35. d5 Bc3 0-1

[Event "AUTO-MASTER-214"]
[Site "http://www.queenalice.com/game.php?id=111956"]
[Date "2006.10.1"]
[Round "1"]
[White "amed66"]
[Black "ulises"]
[Result "1-0"]
[WhiteElo "2050"]
[BlackElo "1869"]

1. e4 e5 2. Nf3 Nc6 3. Bb5 a6 4. Ba4 b5 5. Bb3 Bc5 6. a4 Bb7 7. d3 Nf6 8. O-O
O-O 9. Nc3 h6 10. axb5 axb5 11. Rxa8 Qxa8 12. Nxb5 Qa5 13. Nc3 d6 14. Bd2 Qa7
15. Na4 Ng4 16. Nxc5 Qxc5 17. h3 Nf6 18. Be3 Qb5 19. Qb1 Na5 20. Ba2 Nc6 21. Bc4
Qa4 22. Bb3 Qb5 23. Bc4 Qa4 24. c3 Ra8 25. Qd1 Qxd1 26. Rxd1 Na5 27. Ba2 Nc6 28.
Ra1 Kf8 29. Ne1 d5 30. exd5 Nxd5 31. Bc5+ Ke8 32. Kh2 Nd8 33. Ba3 Kd7 34. f3 Nf4
35. g3 Nd5 36. Nc2 Ne6 37. Kg2 Ng5 38. Bb3 f6 39. h4 Ne6 40. d4 exd4 41. cxd4
1-0